Trouver le personnage grâce aux indices (Greys anatomy) - Statistiques

Statistiques générales
  • Ce quiz a été pris 2 319 fois
  • Le résultat moyen est 12 sur 15
Statistiques - réponses
Hint Réponse % Correct
Bombe Meredith
97%
Jambe Arizona
95%
Chaussure Cristina
94%
Camion Derek
94%
Bus George
93%
Cancer Izzie
88%
Loup Lexie
86%
Alcool Richard
84%
Avion Mark
82%
Ventilateur de plafond Owen
79%
Tumeur Amelia
76%
Tromper Callie
74%
Voiture jo
65%
Riviere April
59%
Bar Joe
36%
Aucun quiz correspondant
Distribution des résultats
% des personnes avec chaque résultat
Percentile par nombre de réponses
Votre historique - résultats
Vous n’avez pas pris ce quiz